LEADER 01091nam a2200241 i 4500 001 991001903849707536 008 061019s2004 it 000 0 ita d 020 $a8882333884 035 $ab13445571-39ule_inst 040 $aSet. Economia - SAGA$bita 082 0 $a382 100 1 $aCeccacci, Gianfranco$0282846 245 13$aLe operazioni con l'estero :$bi principali contratti nel commercio estero, i pagamenti internazionali, le operazioni doganali, la disciplina I.v.a., le convenzioni contro le doppie imposizioni /$cdi Gianfranco Ceccacci e Cristina Rigato 260 $aMilano :$bFAG,$c2004 300 $a328, V p. ;$c24 cm +$e1 CD-Rom 650 4$aCommercio internazionale 700 1 $aRigato, Cristina$eauthor$4http://id.loc.gov/vocabulary/relators/aut$0545447 907 $a.b13445571$b17-09-09$c19-10-06 912 $a991001903849707536 945 $aLE025 ECO 382 CEC01.01$g1$i2025000204843$lle025$o-$pE28.00$q-$rl$s- $t0$u7$v1$w7$x0$y.i14304338$z19-10-06 996 $aOperazioni con l'estero$91462470 997 $aUNISALENTO 998 $ale025$b19-10-06$cm$da $e-$fita$git $h3$i0 LEADER 05400nam 2200697 a 450 001 9911020137803321 005 20200520144314.0 010 $a9786611752132 010 $a9781281752130 010 $a1281752134 010 $a9780470384053 010 $a0470384050 010 $a9780470384046 010 $a0470384042 035 $a(CKB)1000000000537152 035 $a(EBL)353567 035 $a(OCoLC)246160195 035 $a(SSID)ssj0000204959 035 $a(PQKBManifestationID)11184232 035 $a(PQKBTitleCode)TC0000204959 035 $a(PQKBWorkID)10188068 035 $a(PQKB)11012078 035 $a(MiAaPQ)EBC353567 035 $a(Perlego)2772091 035 $a(EXLCZ)991000000000537152 100 $a20080225d2008 uy 0 101 0 $aeng 135 $aur|n|---||||| 181 $ctxt 182 $cc 183 $acr 200 00$aMolecular recognition and polymers $econtrol of polymer structure and self-assembly /$fedited by Vincent M. Rotello, S. Thayumanavan 210 $aHoboken, N.J. $cWiley$dc2008 215 $a1 online resource (492 p.) 300 $aDescription based upon print version of record. 311 08$a9780470277386 311 08$a0470277386 320 $aIncludes bibliographical references and index. 327 $aMOLECULAR RECOGNITION AND POLYMERS; CONTENTS; Preface; Acknowledgments; List of Contributors; List of Figures; List of Tables; Editor Biographies; PART I FUNDAMENTALS OF SUPRAMOLECULAR POLYMERS; 1. A BRIEF INTRODUCTION TO SUPRAMOLECULAR CHEMISTRY IN A POLYMER CONTEXT; 1.1. Introduction and Background; 1.2. Main-Chain Versus Side-Chain Supramolecular Polymers; References; 2. MOLECULAR RECOGNITION USING AMPHIPHILIC MACROMOLECULES; 2.1. Introduction; 2.2. Amphiphilic Block Copolymers; 2.2.1. Nonspecific Interactions; 2.2.2. Specific Interactions; 2.3. Amphiphilic Homopolymers 327 $a2.3.1. Container Properties2.3.2. Recognition of Protein Surfaces; 2.3.3. Protein Sensing; 2.3.4. Recognition and Detection of Peptides; 2.4. Amphiphilic Dendrimers; 2.5. Conclusions; Acknowledgment; References; 3. SUPRAMOLECULAR CONTROL OF MECHANICAL PROPERTIES IN SINGLE MOLECULES, INTERFACES, AND MACROSCOPIC MATERIALS; 3.1. Introduction and Background; 3.2. Mechanical Properties of Linear SPs; 3.3. Mechanical Properties of SP Networks; 3.4. Mechanical Properties in SPs at Interfaces; 3.5. Mechanical Forces and Supramolecular Interactions; 3.6. Conclusions; References 327 $aPART II POLYMER FORMATION AND SELF-ASSEMBLY4. HYDROGEN BOND FUNCTIONALIZED BLOCK COPOLYMERS AND TELECHELIC OLIGOMERS; 4.1. Scientific Rationale and Perspective; 4.2. Hydrogen Bonding Interactions in Macromolecular Design; 4.2.1. Fundamentals of Hydrogen Bonding; 4.2.2. Performance Advantages of Hydrogen Bond Containing Polymers; 4.3. Hydrogen Bond Containing Block Copolymers; 4.3.1. Block Copolymers Involving Single Hydrogen Bonding Groups; 4.3.2. Nucleobase Containing Hydrogen Bonding Block Copolymers; 4.3.3. Block Copolymers Containing DNA Oligonucleotides 327 $a4.3.4. Block Copolymers Containing Other Hydrogen Bonding Arrays4.3.5. Order-Disorder Transitions (ODTs) in Hydrogen Bonding Block Copolymers; 4.4. Telechelic Hydrogen Bond Functional Polymers; 4.5. Combining Hydrogen Bonding with Other Noncovalent Interactions; 4.6. Reversible Attachment of Guest Molecules via Hydrogen Bonding; 4.7. Conclusions and Summary; References; 5. NONCOVALENT SIDE CHAIN MODIFICATION; 5.1. Introduction; 5.1.1. Supramolecular Polymers; 5.2. Strategies Toward Noncovalent Side Chain Functionalization of Polymeric Scaffolds 327 $a5.2.1. Side Chain Functionalization Using Hydrogen Bonding5.2.2. Side Chain Functionalization Using Metal Coordination; 5.2.3. Side Chain Functionalization Using Coulombic Interactions; 5.3. Noncovalent Multifunctionalization of the Side Chains of Polymeric Scaffolds; 5.3.1. Combination of Hydrogen Bonding and Metal Coordination Interactions; 5.3.2. Combination of Hydrogen Bonding and Coulombic Charges; 5.3.3. Multiple Hydrogen Bonding Interactions: Self-Sorting on Polymers 327 $a5.3.4. Terpolymer Functionalization Strategies: Combing Hydrogen Bonding, Metal Coordination, and Pseudorotaxane Formation 330 $aState-of-the-art techniques for tapping the vast potential of polymersThe use of specific non-covalent interactions to control polymer structure and properties is a rapidly emerging field with applications in diverse disciplines. Molecular Recognition and Polymers covers the fundamental aspects and applications of molecular recognition-in the creation of novel polymeric materials for use in drug delivery, sensors, tissue engineering, molecular imprinting, and other areas. This reference begins by explaining the fundamentals of supramolecular polymers; it progresses to cover poly 606 $aBiomimetic polymers 606 $aMolecular recognition 606 $aSupramolecular chemistry 615 0$aBiomimetic polymers. 615 0$aMolecular recognition. 615 0$aSupramolecular chemistry. 676 $a547/.1226 701 $aRotello$b Vincent M$01838193 701 $aThayumanavan$b S$g(Sankaran)$01838194 801 0$bMiAaPQ 801 1$bMiAaPQ 801 2$bMiAaPQ 906 $aBOOK 912 $a9911020137803321 996 $aMolecular recognition and polymers$94417137 997 $aUNINA